000 00523nam a2200193Ia 4500
003 GCL
008 140319s9999 xx 000 0 eng d
040 _aGCL /
_cGCL
082 0 4 _a621.382
_bM P
100 1 _aFIEE, MPHILDFHCENG
245 1 0 _aPACKET BASED COMMUNICATIONS /
_cFIEE, MPHILDFHCENG
700 1 _aMAZDA, FRAIDOON
260 _a[S.N] :
_bFOCAL PRESS ،
_c1996
300 _a250 P
650 0 4 _aTELECOMMUNICATION
650 0 4 _aCOMMUNICATION ENGINEERING
650 0 4 _aCOMMUNICATIONS SYSTEM
942 _2ddc
_cBK
999 _c13497
_d13497